=LDR 00000nam 2200000 4500 =001 INLIS000000000034081 =005 20130612140011 =008 ***********************************ind** =035 ##$$0010-061300000034081 =041 ##$$a ind =082 ##$$a 658.15 =090 ##$$a 658.15, Wib p1 =100 ##$$a WIBAWA, Heru kustriadi, Ir, M.Sc =245 ##$$a Perencanaan keuangan keluarga, Sebuah langkah menuju keluarga sejahtea, Ir. Heru Kustriadi Wibawa, M.Sc =260 ##$$a 2003 $b Jakarta =300 ##$$a xiv, 167 hlm, ilus, 21 cm =650 ##$$a Manajemen Keuangan =850 ##$$a NBPNMAT =990 ##$$a 0001/BPAP-NTB/20142015